000 00332nam a22001457a 4500
999 _c8201
_d8201
003 OSt
005 20200812131128.0
008 200812b ||||| |||| 00| 0 eng d
020 _a9789881974068
082 _a020
110 _aKarty Lee
245 _aLibraries
260 _aHong Kong
_bDesign media publishing
_c2011
942 _2ddc